<?xml version="1.0" encoding="UTF-8"?>
<marc:record xmlns:marc="http://www.loc.gov/MARC21/slim">
   <marc:leader>00000nam a2200000 a 4500</marc:leader>
   <marc:datafield ind1="1" ind2=" " tag="100">
      <marc:subfield code="a">Dietl, Erhard</marc:subfield>
      <marc:subfield code="4">aut</marc:subfield>
      <marc:subfield code="e">Verfasser/-in</marc:subfield>
   </marc:datafield>
   <marc:datafield ind1="0" ind2="0" tag="245">
      <marc:subfield code="a">Das Stinkersocken-Frestessen</marc:subfield>
   </marc:datafield>
   <marc:datafield ind1=" " ind2="1" tag="264">
      <marc:subfield code="b">F.Oetinger Verl.</marc:subfield>
      <marc:subfield code="c">2019</marc:subfield>
   </marc:datafield>
   <marc:datafield ind1="1" ind2=" " tag="490">
      <marc:subfield code="a">Die Olchis</marc:subfield>
   </marc:datafield>
   <marc:datafield ind1="1" ind2=" " tag="520">
      <marc:subfield code="a">Von überall her folgen die Olchis der Einladung ihrer Urgroßtante Odele. Sogar Mister Paddock aus London und der faule König reisen nach Krempeldorf. Die alte Kratzbürste ist mit 1.700 Jahren die Älteste der Sippe und hat eine äußerst wertvolle (und extrem wohlriechende) Stinkersocke aus ihrer Kindheit zu vererben. Sie verkündet einen Wettbewerb: Wer ihr das Beste kocht, soll die Stinkersocke bekommen. Alle Olchis machen sich sofort ans Werk. Und die Stinkersocke? Die hat Drache Feuerstuhl gefunden: Sie duftete so köstlich! </marc:subfield>
   </marc:datafield>
   <marc:datafield ind1=" " ind2=" " tag="020">
      <marc:subfield code="a">9783789110900</marc:subfield>
      <marc:subfield code="9">9783789110900</marc:subfield>
   </marc:datafield>
</marc:record>
